000 00568nam a2200193Ia 4500
005 20260114185749.0
008 008 260114s9999 xx 000 0 eng d
020 _a9781350153745
037 _aEBOOK
040 _aCRL
_beng
_cCRL
041 _aeng
_2eng
084 _qCRL
100 _aKatherine Lu Hsu
_9874103
245 4 _aThe Violent Hero Heracles in the Greek Imagination
260 _bBloomsbury
_c2020
856 _uhttps://doi.org/10.5040/9781350153745?locatt=label:secondary_bloomsburyCollections
942 _cEBOOK
999 _c1473039
_d1473039